000 00960caa a2200217 4500
999 _c458263
_d458263
001 5147281
003 UA-OsUOA
005 20200221123243.0
008 200221b un ||||| |||| 00| 0 ukr d
040 _aUA-OsUOA
_bukr
_cUA-OsUOA
_dUA-OsUOA
041 _aukr
080 _a908
090 _a908
100 _aЗавадська О.
245 _aНапрямки краєзнавчої діяльності на Острожчині в 1918–1939 рр.
_cО. Завадська
300 _aС. 26–37
650 _2UDC
773 0 _0327740
_9350313
_dОстрог НаУОА 2006
_o99148
_tІсторія музейництва, пам'яткоохоронної справи, краєзнавства і туризму в м. Острозі та на Волині
_w(UA-OsUOA) 41599
942 _2udc
_cBKA